Normal view
MARC view
Entry Personal Name
001 - CONTROL NUMBER
- control field: 22566
003 - CONTROL NUMBER IDENTIFIER
- control field: ARRUPE
005 - DATE AND TIME OF LATEST TRANSACTION
- control field: 20160229150027.0
008 - FIXED-LENGTH DATA ELEMENTS
- fixed length control field: 160229|| aca||aabn | a|a d
040 ## - CATALOGING SOURCE
- Original cataloging agency: ARRUPE
- Transcribing agency: ARRUPE
100 ## - HEADING--PERSONAL NAME
- Personal name: Noll, Mark A.,
- Dates associated with a name: 1946-
670 ## - SOURCE DATA FOUND
- Source citation: Work cat.: (ARRUPE)0: Noll, Mark A., 1946-, Jesus Christ and the life of the mind /, 2011.